00819nam a2200229 a 450000100060000000300080000600500170001400800410003103500190007204000290009104100080012008200250012811000220015324501590017526000370033430000330037149000500040450400290045465000270048371000370051083000420054772103BD-RjUL20211209082218.0170513s1966 enka b 100 0 eng  a(BD-RjUL)72319 aDLCcODaWUdBD-RjULbeng aeng a541.22223bCHM 1966 aChemical Society.10aMolecular relaxation processes :b lectures delivered and synopses of papers read at a Chemical Society symposium held at Aberystwyth /cChemical Society. aLondon :bAcademic Press,c1966. aix, 304 p. :bill. ;c24 cm.1 aChemical Society. Special publicationvno. 20 aIncludes bibliographies. 0aMoleculesvCongresses.2 aChemical Society (Great Britain) aChemical Society. Special publication